000 00509nam a2200193Ia 4500
008 151119s9999||||xx |||||||||||||| ||und||
082 _a891.463
082 _bGKKV25600
100 _aखरे नंदा
245 _aअंताजीची बखर
260 _a--
260 _b--
260 _c0
600 _aखरे नंदा
630 _aअंताजीची बखर
700 _aखरे नंदा
730 _aअंताजीची बखर
942 _cBOOK
999 _c1078110
_d1078107